00966cam a22002652 450000100060000000300080000600500170001400800390003103500190007004000270008904100110011608200220012710000530014924501980020226000460040030000530044650000200049950400300051965000210054965000320057065000270060265000290062965000220065865000200068012700BD-RjUL20211208235337.0140129s1966 enka b 001 0 eng a(BD-RjUL)12750 aDLCcCSUdBD-RjULbeng1 aengrus00a612.825bLUH 19661 aLuria, A. R.q(Aleksandr Romanovich),d1902-197710aHigher cortical functions in man /cAleksandr Romanovich Luria; authorised translation from the Russian by Basil Haigh, prefaces to the English edition by Hans-Lukas Teuber and Karl H. Pribram. aLondon :bTavistock Publications,cc1966. axvi, 513 p. :billus., tables, diagrs. ;c24 cm. aIncludes index. aBibliography: p. 471-502. 0aCerebral cortex. 0aBrainxWounds and injuries. 2aBrain Damage, Chronic. 2aHigher Nervous Activity. 2aPsychophysiology. 2aCentral Cortex.